Word Ladder: ER...Um...Rides! Quiz Stats

Quiz Updated Sep 19, 2015

Challenge
Share
Tweet
Embed
Score 0/20 Timer 03:00
0 Plays Today
Clue 6-Letter Word % Correct
Circuitous amusement park ride: _____ coasterROLLER
97.2%
Electric amusement park ride: _____ carsBUMPER
95.4%
YellHOLLER
93.7%
With less tread (or hair)BALDER
92.5%
One playing hoopsBALLER
91.6%
TelemarketerCALLER
91.2%
More outgoing or intrepidBOLDER
90.2%
Carpentry toolHAMMER
88.7%
Former Attorney General EricHOLDER
88.4%
''Sorry, dude''BUMMER
88.1%
Clue 6-Letter Word % Correct
Former GM brandHUMMER
87.4%
Laundry repositoryHAMPER
85.8%
The heart, essentiallyPUMPER
85.7%
Tug-of-war participantPULLER
83.6%
Sharply dressedDAPPER
82.2%
Piano pedalDAMPER
81.1%
CollectorCULLER
79.8%
Heavenly ladleDIPPER
76%
Wood mill apparatusPULPER
75.1%
Oblong amusement park ride: The _____ZIPPER
45.7%

Today's Daily Dose

Missing Word
1998 A-Z Movies

Word Ladder
5 Vowel Sounds

Quick Pick
Legal Terms

On This Day
June 25th II

You're not logged in!

Compare scores with friends on all Sporcle quizzes.
Join for Free
OR
Log In

You Might Also Like...

Show Comments

Extras

Top Quizzes Today


Score Distribution

Your Account Isn't Verified!

In order to create a playlist on Sporcle, you need to verify the email address you used during registration. Go to your Sporcle Settings to finish the process.

Report this User

Report this user for behavior that violates our Community Guidelines.

Details: